| 000 | 00949nam a22003375i 4500 | ||
|---|---|---|---|
| 999 |
_c9160 _d9160 |
||
| 001 | 21997131 | ||
| 003 | GZU | ||
| 005 | 20210607115116.0 | ||
| 008 | 210416s2021 nyu 000 0 eng | ||
| 010 | _a 2021937403 | ||
| 020 |
_a9780199689552 _q(paperback) |
||
| 020 |
_z9780192645272 _q(pdf) |
||
| 020 |
_z9780192645289 _q(epub) |
||
| 040 |
_aDLC _beng _erda _cDLC |
||
| 042 | _apcc | ||
| 050 | _aKD3601 | ||
| 100 | 1 |
_aSamanta, Jo, _eauthor. |
|
| 245 | 1 | 0 |
_aMedical law concentrate 4e / _cJo Samanta, ash Samanta. |
| 250 | _a4. | ||
| 263 | _a2108 | ||
| 264 | 1 |
_aOxford : _bOxford University Press, _c2014. |
|
| 300 | _a179p. : | ||
| 336 |
_atext _btxt _2rdacontent |
||
| 337 |
_aunmediated _bn _2rdamedia |
||
| 338 |
_avolume _bnc _2rdacarrier |
||
| 500 | _aIncludes index | ||
| 700 | 1 |
_aSamanta, ash, _eauthor. |
|
| 906 |
_a0 _bibc _corignew _d2 _eepcn _f20 _gy-gencatlg |
||
| 942 |
_2lcc _cBK _h3601 _iSAM _kKD _m2014 |
||